000
00296nam a2200097Ia 4500
082
_a
303.34|APRI
245
0
_a
Steward leadership : a maturational perspective
100
_a
APRIL, Kurt Cape Town, South Africa, [c.2013]
_9
60090
942
_c
BK
008
210817s9999 xx 000 0 und d
999
_c
189046
_d
189046